| 000 | 00363cam a2200157ua 4500 | ||
|---|---|---|---|
| 041 |
_aeng _h |
||
| 082 |
_a828.09 _bMUL/TH |
||
| 100 | _aMallik, B R . | ||
| 245 |
_aThackeray / _cB R Mallik. _hTextual Documents |
||
| 250 |
_a3 / _b. |
||
| 260 |
_aNew Delhi : _bS.Chand and Co , _c1966. |
||
| 300 | _a95 ; . | ||
| 504 | _a | ||
| 942 | _cBK | ||
| 999 |
_c2441 _d2441 |
||